[Event "Arvier Amatori op 5th"]
[Site "Arvier"]
[Date "2015.01.03"]
[Round "2"]
[White "Piazza, Giacomo"]
[Black "Leo, Giovanni"]
[Result "1-0"]
[WhiteElo "1592"]
[BlackElo "1398"]
[PlyCount "91"]
[EventDate "2015.01.02"]
[EventType "swiss"]
[EventRounds "5"]
[EventCountry "ITA"]
[SourceTitle "EXT 2017"]
[Source "ChessBase"]
[SourceDate "2016.10.25"]
[SourceVersion "1"]
[SourceVersionDate "2016.10.25"]
[SourceQuality "1"]

1. Nf3 d5 2. e3 Nf6 3. c4 c6 4. cxd5 cxd5 5. Be2 Nc6 6. 0-0 e5 7. Bb5 Bd6 8. d3 0-0 9. Nbd2 Bf5 10. d4 e4 11. Ne1 Qc7 12. f4 Ng4 13. Nb3 Qe7 14. h3 Nf6 15. a3 Bg6 16. Be2 Bf5 17. g4 Bd7 18. Ng2 h5 19. g5 Nh7 20. h4 g6 21. Rf2 f6 22. Nc5 Bc8 23. Qb3 Qf7 24. Bb5 fxg5 25. hxg5 Nxg5 26. Kh1 Qf5 27. Bd2 Ne7 28. Nh4 Qh3+ 29. Rh2 Qg3 30. Be2 Bxf4 31. exf4 Qxb3 32. Nxb3 Ne6 33. Rf1 Kg7 34. Rg2 Rf6 35. Bxh5 Nf8 36. Rg3 Kh6 37. Be2 Nf5 38. Nxf5+ Bxf5 39. Kg1 Rc8 40. Bc3 Ne6 41. Nc5 b6 42. Nd7 Rf7 43. Ne5 Rfc7 44. Bg4 Rg8 45. Bxf5 Rcg7 46. Bxe6 1-0